| Tag |
First Indicator |
Second Indicator |
Subfields |
| LEADER |
00000cam a2200000 a 4500 |
| 001 |
in00000008144 |
| 005 |
20151002070148.0 |
| 008 |
870527s1987 orua b 00010 eng |
| 010 |
|
|
|a 87015776
|
| 020 |
|
|
|a 0915324261 (pbk.) :
|c $6.95
|
| 035 |
|
|
|a (OCoLC)16277216
|
| 035 |
|
|
|9 AAA0502AM
|
| 040 |
|
|
|a DLC
|c DLC
|d TXA
|d UtOrBLW
|
| 050 |
0 |
0 |
|a Z675.C5
|b P74 1987
|
| 100 |
1 |
|
|a Pritchett, Jennifer,
|d 1946-
|
| 245 |
1 |
0 |
|a Providing reference service in church and synagogue libraries :
|b with bibliography /
|c Jennifer Pritchett.
|
| 264 |
|
1 |
|a Portland, OR :
|b Church and Synagogue Library Association,
|c 1987.
|
| 300 |
|
|
|a 57 pages :
|b illustrations ;
|c 28 cm.
|
| 336 |
|
|
|a text
|b txt
|2 rdacontent
|
| 337 |
|
|
|a unmediated
|b n
|2 rdamedia
|
| 338 |
|
|
|a volume
|b nc
|2 rdacarrier
|
| 490 |
1 |
|
|a CSLA guide ;
|v no. 15
|
| 650 |
|
0 |
|a Theological libraries
|x Reference services.
|
| 650 |
|
0 |
|a Synagogue libraries
|x Reference services.
|
| 650 |
|
0 |
|a Reference services (Libraries)
|
| 830 |
|
0 |
|a CSLA guide ;
|v no. 15.
|
| 999 |
|
|
|a MARS
|
| 999 |
f |
f |
|s 9b47ab66-68c2-364c-9fce-6e23a22f8e21
|i 66489c64-1a68-37a8-bf0c-95d04a38010f
|t 0
|
| 952 |
f |
f |
|p ric
|a Texas A&M University
|b Rellis Campus
|c Joint Library Facility
|d Remote Storage
|t 0
|e Z675.C5 P74 1987
|h Library of Congress classification
|i unmediated -- volume
|m A14810978472
|
| 998 |
f |
f |
|a Z675.C5 P74 1987
|t 0
|l Remote Storage
|